| 000 -LEADER |
| fixed length control field |
00705nam a22001697a 4500 |
| 005 - DATE AND TIME OF LATEST TRANSACTION |
| control field |
20260124092520.0 |
| 008 - FIXED-LENGTH DATA ELEMENTS--GENERAL INFORMATION |
| fixed length control field |
230712b ||||| |||| 00| 0 eng d |
| 040 ## - CATALOGING SOURCE |
| Transcribing agency |
SSBUL |
| Modifying agency |
SSBUL |
| 082 ## - DEWEY DECIMAL CLASSIFICATION NUMBER |
| Edition number |
23 |
| Classification number |
၁၂၈ လူ ၁၆၁၂၃ (S-SAT) |
| 245 ## - TITLE STATEMENT |
| Title |
လူနှင့်ပတ်ဝန်းကျင်တို့၏အညမညသဘောတရား / |
| 250 ## - EDITION STATEMENT |
| Edition statement |
စုဒ္ဒသမကြိမ်။ |
| 260 ## - PUBLICATION, DISTRIBUTION, ETC. |
| Place of publication, distribution, etc. |
ရန်ကုန်၊ |
| Name of publisher, distributor, etc. |
ပါတီပုံနှိပ်တိုက်၊ |
| Date of publication, distribution, etc. |
၁၉၈၁။ |
| 300 ## - PHYSICAL DESCRIPTION |
| Extent |
၆၉ စာမျက်နှာ၊ |
| Dimensions |
၂၁ စင်တီ။ |
| 500 ## - GENERAL NOTE |
| General note |
S-SAT: Dr. Prof Sai Aung Tun |
| 650 ## - SUBJECT ADDED ENTRY--TOPICAL TERM |
| Topical term or geographic name entry element |
လူ။ |
| 9 (RLIN) |
27828 |
| 942 ## - ADDED ENTRY ELEMENTS (KOHA) |
| Source of classification or shelving scheme |
|
| Koha item type |
Book (Short term) |